000 00753nam a22002531i 4500
001 134156
003 ES-MaACL
005 20230906194618.0
007 t|
008 070906s1967 sp ||||0| spa d
016 7 _zIND2000943632
040 _aM-BN
_bspa
_cCDM
080 _a75 Greco, El
080 _a75.034.5(460)
100 1 _aWethey, Harold E.
_9116585
245 1 3 _aEl Greco y su escuela /
_cHarold E. Wethey ; [traducción de Carlos Cid].
260 _aMadrid :
_bGuadarrama,
_c[1967]
300 _a2 v. :
_bil. ;
_c29 cm.
505 8 _aI: Texto e ilustraciones
600 0 4 _aEl Greco.
_946893
650 1 4 _aPintura renacentista-
_zEspaña.
_916076
700 1 _aCid Priego, Carlos.
_938772
852 _aES-MaACL
_jG-5462-3
_bR.66497
999 _c134156
_d134156